MARC

LEADER 00000nam0a2200000 4500
001 288829
005 20231102000128.0
035 |a (RuTPU)RU\TPU\book\313333 
090 |a 288829 
100 |a 20150328d1985 k y0rusy50 ca 
101 0 |a rus 
102 |a RU 
105 |a a z 101zy 
200 1 |a Радиоспектроскопия  |e материалы VIII Всесоюзной школы по магнитному резонансу, октябрь 1983 г., г. Таллин  |f Пермский государственный университет (ПГУ) ; под ред. И. Г. Шапошникова 
210 |a Пермь  |c Изд-во ПГУ  |d 1985 
215 |a 341 с.  |c ил. 
320 |a Библиография в конце докладов 
320 |a Авторский указатель: с. 337 
606 |a Радиоспектроскопия  |2 stltpush  |3 (RuTPU)RU\TPU\subj\69858  |9 84533 
610 1 |a твердые электролиты 
610 1 |a ЯМР 
610 1 |a методы 
610 1 |a спин-система 
610 1 |a термодинамическое равновесие 
610 1 |a примеси 
610 1 |a квадрупольные ядра 
610 1 |a магнитная релаксация 
610 1 |a ЯКР 
610 1 |a магнитная анизотропия 
610 1 |a константы 
610 1 |a магнитные пленки 
610 1 |a модель Блоха 
610 1 |a оптические колебания 
610 1 |a ЭПР 
610 1 |a алканы 
610 1 |a биополимеры 
610 1 |a неорганические кислоты 
610 1 |a томография 
610 1 |a генератор Ганна 
675 |a 535.33-12(063)  |v 3 
702 1 |a Шапошников  |b И. Г.  |4 340 
712 0 2 |a Пермский государственный университет (ПГУ)  |2 stltpush  |3 (RuTPU)RU\TPU\col\189 
712 1 2 |a Радиоспектроскопия  |c материалы Всесоюзной школы  |d 8  |e Таллин  |f 1983  |4 570 
801 1 |a RU  |b 63413507  |c 20150328 
801 2 |a RU  |b 63413507  |c 20180215  |g RCR 
942 |c BK